00721nam a22001457a 450000100060000000300060000600500170001200800410002904000290007008200110009910000140011024500650012430000600018952003260024910060FISKH20260403111604.0260402b cb ||||| |||| 00| 0 eng d aFISKHbchicFISKHdFISKH a895.13 a吴洲星 a出售自己的蛇 ( (Selling One's Own Snake). /c吴洲星 a32 unnumbered pages : bcolor illustrations ;c25 cm .  a这是一本寓言式的儿童读物,通过“出售自己的蛇”这一独特故事情节,向读者传达关于智慧、选择与责任的深层含义。故事通常以动物或象征性角色展开,语言简洁、生动,适合儿童阅读,同时也具有启发性,让孩子思考价值观与人生道理。